| 000 | 00403nam a22001697a 4500 | ||
|---|---|---|---|
| 003 | OSt | ||
| 005 | 20220216082705.0 | ||
| 008 | 220216b |||||||| |||| 00| 0 eng d | ||
| 020 | _a978.9389441192 | ||
| 040 | _cH U | ||
| 082 | _a540 | ||
| 100 |
_aSHARMA,J.L _923542 |
||
| 245 | _aUNITEXT FOR FRESHMEN CHEMISTRY | ||
| 260 |
_aRNGLAND _bARTZ BOOKS co uk _c2020 |
||
| 300 | _a168 | ||
| 942 |
_2ddc _cBOOKS _n0 |
||
| 999 |
_c30465 _d30465 |
||